Catálogo público

Alternaria carthami causante del tizón foliar del Cártamo (Carthamus tinctorius L.) en el Valle del Yaqui, Sonora, México / (Record no. 208076)

MARC details
000 -CABECERA
campo de control de longitud fija 01012nam a2200301Ia 4500
001 - NÚMERO DE CONTROL
campo de control Para_9379
003 - IDENTIFICADOR DEL NÚMERO DE CONTROL
campo de control CHAP
008 - DATOS DE LONGITUD FIJA--INFORMACIÓN GENERAL
campo de control de longitud fija 220125s2007 xx 000 0 und d
010 ## - NÚMERO DE CONTROL DE LA BIBLIOTECA DEL CONGRESO
Número de control de LC 208076
040 ## - FUENTE DE LA CATALOGACIÓN
Centro/agencia transcriptor CHAP
090 ## - LOCALMENTE ASIGNADO TIPO-LC NÚMERO DE CLASIFICACIÓN (OCLC); NÚMERO DE CLASIFICACIÓN LOCAL (RLIN)
Número de clasificación (OCLC) (R) ; Numero de clasificación, CALL (RLIN) (NR) TESIS 2121
100 ## - ENTRADA PRINCIPAL--NOMBRE DE PERSONA
Nombre de persona García Pérez, Florinda
9 (RLIN) 46450
245 ## - MENCIÓN DE TÍTULO
Título Alternaria carthami causante del tizón foliar del Cártamo (Carthamus tinctorius L.) en el Valle del Yaqui, Sonora, México /
Mención de responsabilidad, etc. por Florinda García Pérez
260 ## - PUBLICACIÓN, DISTRIBUCIÓN, ETC.
Lugar de publicación, distribución, etc. Chapingo, Méx. :
Nombre del editor, distribuidor, etc. el autor
300 ## - DESCRIPCIÓN FÍSICA
Extensión 73 h.
502 ## - NOTA DE TESIS
Nota de tesis Tesis (M.C. Protección Vegetal) UACh. Departamento Parasitología Agrícola
650 ## - PUNTO DE ACCESO ADICIONAL DE MATERIA--TÉRMINO DE MATERIA
Término de materia o nombre geográfico como elemento de entrada Alternaria cartami
9 (RLIN) 4677
650 ## - PUNTO DE ACCESO ADICIONAL DE MATERIA--TÉRMINO DE MATERIA
Término de materia o nombre geográfico como elemento de entrada Azafrancillo
Subdivisión general enfermedades
9 (RLIN) 9060
650 ## - PUNTO DE ACCESO ADICIONAL DE MATERIA--TÉRMINO DE MATERIA
Término de materia o nombre geográfico como elemento de entrada Hongos fitopatógenos
9 (RLIN) 56132
710 ## - PUNTO DE ACCESO ADICIONAL--NOMBRE DE ENTIDAD CORPORATIVA
Nombre de entidad corporativa o nombre de jurisdicción como elemento de entrada UACh. Departamento Parasitología Agrícola
9 (RLIN) 164025
901 ## - ELEMENTOS DE DATOS A LOCAL LDA (RLIN)
a TESIS 2121
902 ## - ELEMENTOS DE DATOS B LOCAL, LDB (RLIN)
a M
905 ## - ELEMENTOS DE DATOS E LOCAL, LDE (RLIN)
a 0000002007 am 0000000000 00
910 ## - DATOS DE OPCIÓN DEL USUARIO (OCLC)
Datos de opción del usuario 2007
942 ## - ELEMENTOS DE PUNTO DE ACCESO ADICIONAL (KOHA)
Tipo de ítem Koha Parasitologia_
942 ## - ELEMENTOS DE PUNTO DE ACCESO ADICIONAL (KOHA)
Tipo de ítem Koha Parasitologia_
-- 2
Holdings
Estado de retiro Estado de pérdida Fuente del sistema de clasificación o colocación Estado dañado No para préstamo Código de colección Localización permanente Ubicación/localización actual Ubicación en estantería Fecha de adquisición Información codificada de la localización en otra ubicación Total de préstamos Código de barras Fecha visto por última vez Número de copia Precio válido a partir de Tipo de ítem Koha Nota pública
    Clasificación Universidad Autónoma de Chapingo     Tesis Parasitologia Agricola Parasitologia Agricola   07/12/2007 PARA   PA_09248-2 25/01/2022 2 25/01/2022 Tesis 3
    Clasificación Universidad Autónoma de Chapingo     Tesis Parasitologia Agricola Parasitologia Agricola   07/12/2007 PARA   PA_09248 25/01/2022 1 25/01/2022 Tesis 3